000 00554nam a2200205Ia 4500
005 20250923145948.0
008 008 250917s9999 xx 000 0 eng d
037 _aTextual
040 _aDSWL
_beng
_cDSWL
041 _aeng
_2eng
084 _qDSWL
100 _aLoutfi, M.F.
_9840758
245 0 _aRural Women : Unequal Partners in Development
_c by M.F. Loutfi
260 _aGeneva
_b International Labour Office
_c1987
300 _aix,81 p.
365 _aINR
_b382.50
925 _g382.50
942 _cTEXL
999 _c1457858
_d1457858